<The> X Window System <A> User's Guide
Salvato in:
| Autore principale: | |
|---|---|
| Natura: | Libro |
| Lingua: | inglese |
| Pubblicazione: |
Amsterdam
Addison-Wesley Pub. Co.
1990
|
| Edizione: | 1. ed. |
| Tags: |
Nessun Tag, puoi essere il primo ad aggiungerne!!
|
MARC
| LEADER | 00000nam a2200000 4500 | ||
|---|---|---|---|
| 001 | c032716 | ||
| 005 | 20221215114624.2 | ||
| 041 | 0 | |a eng | |
| 044 | |a NL | ||
| 245 | 1 | 0 | |a <The> X Window System |b <A> User's Guide |c Niall Mansfield |
| 250 | |a 1. ed. | ||
| 264 | 1 | |a Amsterdam |b Addison-Wesley Pub. Co. |c 1990 | |
| 300 | |a 344 s. | ||
| 100 | 1 | |a Mansfield, Niall | |